000 00509nam a2200181Ia 4500
005 20250326142721.0
008 250326s9999 xx 000 0 und d
037 _aTextbook
040 _aFMSL
_beng
_cFMSL
041 _aeng
_2eng
084 _aX:87 M2
_qFMSL
100 _aStewart R
245 0 _aChoices for the manager: guide to the managerial work and behaviour
_cStewart R
260 _aNY
_bNY, McGraw-Hill
_c1982
300 _a175p
942 _cTB
_hX:87 M2
999 _c1296327
_d1296327